000
00284nam a2200109Ia 4500
008
230907s9999||||xx |||||||||||||| ||und||
082
_a
518.028553
_b
CHA
100
_a
Chapman, Stephen J.,
245
0
_a
MATLABĀ® programming for engineers /
300
_a
xxi, 682 pages :
942
_c
BK
999
_c
599344
_d
599344